000 00575nam a2200193Ia 4500
008 120830t1965 xxu||||| |||| 00| 0 sin d
041 _asin
080 _a8 S. 03 : 820 - 31
_bCLA
100 _aClarke, Arthur C.
245 _aගැඹුරු මුහුද
246 _aGaburu Muhuda
260 _aM. D. Gunasena
_aColombo
_c1965
300 _b378p, ill, 18 cm
500 _aSinhalese Translation of Arthur C. Clarke's of The Deep Range
700 _aPerera, Kalubowila Cyril C.
_etr.
942 _cBK
999 _c39602
_d39602
003 LK-CoDNM
040 _aLK-CoDNM
_dLK-CoDNM
_eLK-CoDNM